=LDR 00000nam 2200000 4500 =001 INLIS000000000031964 =005 20130612134012 =008 ***********************************ind** =035 ##$$0010-061300000031964 =041 ##$$a ind =082 ##$$a 786.6 =090 ##$$a 786.6, Pur m =100 ##$$a Purwacndra, Pandan P =245 ##$$a Memulai bisnis Organ tunggal, Pandan Purwancandra =260 ##$$a 2009 $b Yogyakarta =300 ##$$a vi,57 hlm, Ilus, 57 cm =650 ##$$a Musik Organ =850 ##$$a NBPNMAT